Sociedades animales, sociedad humana

Đã lưu trong:
Chi tiết về thư mục
Tác giả chính: Chauchard, Paul (Tác giả)
Định dạng: Sách
Ngôn ngữ:Tiếng Tây Ban Nha
Được phát hành: Buenos Aires EUDEBA 1968
Phiên bản:3a. ed
Loạt:Los Indispensables, 20
Những chủ đề:
Các nhãn: Thêm thẻ
Không có thẻ, Là người đầu tiên thẻ bản ghi này!

MARC

LEADER 00000nam a2200000 a 4500
001 UCW8456
003 CL-VaPUC
008 880909e19680000AG |||||||||||||||||spa|d
082 0 4 |a 302  |b CHA  |2 21 
100 0 |a Chauchard, Paul  |e author  |9 313628 
245 1 0 |a Sociedades animales, sociedad humana 
250 |a 3a. ed 
300 |a 146 p 
942 |c BK 
945 |d 19880909 00:00:00 
260 |a Buenos Aires  |b EUDEBA  |c 1968 
650 0 |a Sociología   |9 255410 
650 0 |a Psicología social   |9 222894 
583 |a last modification  |c 19880909 00:00:00  |k Rodrigo Vera 
490 0 |a Los Indispensables, 20 
999 |c 220820  |d 220818 
952 |0 0  |1 0  |4 0  |6 302_000000000000000_CHA_1968  |7 0  |8 A  |9 213529  |a BIBHIS  |b BIBHIS  |d 2019-11-15  |i 2818736  |o 302 CHA 1968  |p 2818736  |r 2025-01-20  |w 2019-11-15  |y BK  |k HIS 
952 |0 0  |1 0  |4 0  |6 302_000000000000000_CHA_1968  |7 0  |8 P  |9 213530  |a BIBGIM  |b BIBGIM  |d 2019-11-15  |i 3380610  |o 302 CHA 1968  |p 3380610  |r 2025-01-15  |w 2019-11-15  |y BK  |k GIM 
952 |0 0  |1 0  |4 0  |6 302_000000000000000_CHA_1968  |7 0  |8 P  |9 213531  |a BIBGIM  |b BIBGIM  |d 2019-11-15  |i 3380629  |o 302 CHA 1968  |p 3380629  |r 2025-01-15  |w 2019-11-15  |y BK  |k GIM